The power of geography : How territory shapes social life
This book introduce about industrialism, the state, and civil society, industrial society, the state and civil society.
Na minha lista:
| Formato: | Livro |
|---|---|
| Idioma: | Undetermined |
| Publicado em: |
Boston
Unwin Hyman
1989
|
| Assuntos: | |
| Tags: |
Adicionar Tag
Sem tags, seja o primeiro a adicionar uma tag!
|
| Thư viện lưu trữ: | Trung tâm Học liệu Trường Đại học Cần Thơ |
|---|
| LEADER | 00662nam a2200193Ia 4500 | ||
|---|---|---|---|
| 001 | CTU_230129 | ||
| 008 | 210402s9999 xx 000 0 und d | ||
| 082 | |a 304.2 | ||
| 082 | |b P887 | ||
| 245 | 4 | |a The power of geography : | |
| 245 | 0 | |b How territory shapes social life | |
| 245 | 0 | |c Edited by Jennifer Wolch, Michael Dear | |
| 260 | |a Boston | ||
| 260 | |b Unwin Hyman | ||
| 260 | |c 1989 | ||
| 520 | |a This book introduce about industrialism, the state, and civil society, industrial society, the state and civil society. | ||
| 650 | |a Lịch sử xã hội,Social history | ||
| 910 | |b dqhieu | ||
| 980 | |a Trung tâm Học liệu Trường Đại học Cần Thơ | ||